000 00499nam a2200157 4500
001 143988
003 ES-MaACL
007 t|
008 070214s1960 ag r ||||1| spa d
100 1 _aShaw, Irwin.
_9106032
245 1 0 _aDos semanas en otra ciudad /
_cpor Irwin Shaw ; [traducción de Esyllt T. Lawrence].
260 _aBuenos Aires [etc.] :
_bPlaza & Janés,
_c1960 (
_fDiamante)
300 _a511 p. ;
_c24 cm.
700 1 _aLawrence, Esyllt T.
_970745
852 _aES-MaACL
_jB-2085
_bR.49162
999 _c143988
_d143988